Rajonizácia cestovného ruchu v Slovenskej socialistickej republike Nitra, 5.-6. októbra 1982

Salvato in:
Dettagli Bibliografici
Natura: Libro
Lingua:slovacco
Pubblicazione: Banská Bystrica Dom techniky ČSVTS 1982
Tags: Aggiungi Tag
Nessun Tag, puoi essere il primo ad aggiungerne!!

MARC

LEADER 00000nam a2200000 4500
001 c128596
005 20041019155244.0
041 0 |a slo 
044 |a SK 
245 1 0 |a Rajonizácia cestovného ruchu v Slovenskej socialistickej republike  |b Nitra, 5.-6. októbra 1982 
264 1 |a Banská Bystrica  |b Dom techniky ČSVTS  |c 1982 
300 |a 23 s.